| 000 | 00525nam a2200205 u 4500 | ||
|---|---|---|---|
| 005 | 20231101063712.0 | ||
| 008 | 170822s2016 r 000 0 eng d | ||
| 020 | _a9786071634733 | ||
| 035 | _aUPN01000219810 | ||
| 049 | _aCG | ||
| 050 | 4 |
_aPQ7298.413 E7.6 _bB6.7 |
|
| 100 | 1 |
_aCerón, Rocío, _d1972- _941421 |
|
| 245 | 1 | 0 |
_aBorealis / _cRocío Cerón. |
| 260 |
_aMéxico : _bFCE, _c2016. |
||
| 300 |
_a95 p. : _bil. |
||
| 440 | 0 | _aPoesía | |
| 650 | 4 |
_aPoesía mexicana _91273 |
|
| 905 | _aLibro | ||
| 999 |
_c191909 _d191909 |
||